International capital markets : developments and prospects (Record no. 77523)

MARC details
000 -LEADER
fixed length control field 00660nam a2200145 a 4500
008 - FIXED-LENGTH DATA ELEMENTS--GENERAL INFORMATION
fixed length control field 080408s1998 xx |||||||||||||| || u
050 ## - LIBRARY OF CONGRESS CALL NUMBER
Classification number IMF(02)
100 ## - MAIN ENTRY--PERSONAL NAME
Personal name Adams, Charles
245 10 - TITLE STATEMENT
Title International capital markets : developments and prospects
260 ## - PUBLICATION, DISTRIBUTION, ETC.
Date of publication, distribution, etc. 1998
300 ## - PHYSICAL DESCRIPTION
Extent xii, 196 pages : illustrations
350 ## -
-- 0.00
995 ## -
-- SPECIAL COLLECTIONS
-- 0.00
-- 027010
-- CBU-MAIN LIBRARY (Kitwe)
-- 1
-- 0.00
-- IMF(02)98/ 14A
-- 1
-- AVAILABLE
-- Apr 8, 2008
-- 027010
-- International Publications
995 ## -
-- SPECIAL COLLECTIONS
-- 0.00
-- 03002448
-- CBU-MAIN LIBRARY (Kitwe)
-- 1
-- 0.00
-- IMF(02)98/ 14B
-- 2
-- AVAILABLE
-- Apr 8, 2008
-- Z03002448
-- International Publications
999 ## -
-- 77523
-- 77523
Holdings
Withdrawn status Lost status Source of classification or shelving scheme Damaged status Not for loan Permanent Location Current Location Shelving location Date acquired Total Checkouts Full call number Barcode Date last seen Copy number Price effective from Koha item type
          CBU-MAIN LIBRARY, KITWE. CBU-MAIN LIBRARY, KITWE.   04/27/2023   IMF(02)98/14A 027010 04/27/2023 1 04/27/2023 SPECIAL COLLECTION
          CBU-MAIN LIBRARY, KITWE. CBU-MAIN LIBRARY, KITWE.   04/27/2023   IMF(02)98/14B Z03002448 04/27/2023 2 04/27/2023 SPECIAL COLLECTION